00938pam a2200265 a 4500001000800000005001700008008004100025010001700066020001500083040001800098043001200116050002100128082002000149100003300169245011800202250001200320260003300332300003400365504006400399650004200463650004600505650005500551650003600606700003000642403346320160711111743.0980406s1999 nyua b 001 0 eng  a 98020920  a0801319560 aDLCcDLCdDLC an-us---00aLC189b.D36 199900a306.43/09732211 aDeMarrais, Kathleen Bennett.14aThe way schools work :ba sociological analysis of education /cKathleen Bennett deMarrais, Margaret D. LeCompte. a3rd ed. aNew York :bLongman,cc1999. axii, 383 p. :bill. ;c24 cm. aIncludes bibliographical references (p. 341-370) and index. 0aEducational sociologyzUnited States. 0aEducationxSocial aspectszUnited States. 0aEducationxSocial aspectszUnited StatesxHistory. 0aEducational sociologyxHistory.1 aLeCompte, Margaret Diane.